000 01320nam a2200253Ia 4500
999 _c34469
_d34469
001 218
003 GE_BSU
005 20230627114319.0
008 181216s1994||||ge |||||||||||||| ||geo||
020 _a0904818403
040 _cGE_BSU
041 _ageo
080 _a902/904(479.22) ა-84
245 _aარქეოლოგიური ძეგლის გათხრა
_bმეთოდიკა /
_cინგლისურიდან თარგმანი: მ. კაპანაძე; ქართ. ვერსიის რედ.: დ. ლომიტაშვილი; ლონდონის მუზეუმის არქეოლოგიური სამსახური.
250 _aმე-3 გამოცემა
264 _c1994.
300 _a188 გვ.;
_b20 სმ.
541 _h6ლ.
653 _aარქეოლოგიური ძეგლის გათხრა
653 _aქართულ-ინგლისური ექსპედიცია ნოქალაქევში
700 _aლომიტაშვილი, დავით
_eრედაქტორი
_918992
710 _aლონდონის მუზეუმის არქეოლოგიური სამსახური
_918993
942 _cBK
_2udc